[Event "EU-ch U14 24th"]
[Site "Batumi"]
[Date "2014.10.23"]
[Round "5"]
[White "Kilic, Efe Mert"]
[Black "Lukiyanchuk, Vladislav"]
[Result "1-0"]
[WhiteElo "1877"]
[BlackElo "2027"]
[PlyCount "77"]
[EventDate "2014.10.19"]
[EventType "swiss"]
[EventRounds "9"]
[EventCountry "GEO"]
[SourceTitle "EXT 2015"]
[Source "ChessBase"]
[SourceDate "2014.11.20"]
[SourceVersion "1"]
[SourceVersionDate "2014.11.20"]
[SourceQuality "1"]

1. e4 c5 2. Nf3 d6 3. Bb5+ Nd7 4. 0-0 a6 5. Bxd7+ Bxd7 6. d4 cxd4 7. Qxd4 e5 8. Qd3 h6 9. a4 Nf6 10. c4 Qc7 11. Nc3 Be7 12. b3 0-0 13. Ba3 Be6 14. Rfd1 Rfd8 15. Rac1 Rac8 16. Nd5 Bxd5 17. cxd5 Qd7 18. Nd2 b5 19. axb5 axb5 20. Bb4 Qb7 21. Ba5 Re8 22. b4 Nd7 23. Nb1 Bg5 24. Rxc8 Rxc8 25. Na3 Nf6 26. f3 Rb8 27. g3 h5 28. Rf1 Bh6 29. Kg2 h4 30. Rf2 hxg3 31. hxg3 Nh5 32. Nb1 Qe7 33. Nc3 Qg5 34. Ne2 Rc8 35. Qxb5 Nf4+ 36. Nxf4 exf4 37. g4 Rc1 38. Qe8+ Kh7 39. Bd8 1-0